Las tres dudas del bicho colorado /
Guardado en:
| Autor Principal: | |
|---|---|
| Otros Autores: | |
| Formato: | Libro |
| Publicado: |
Buenos Aires :
Sm,
2012
|
| Edición: | 3a. reimp. |
| Series: | El Barco de Vapor. Blanca ; 8
|
| Materias: | |
| Etiquetas: |
Agregar Etiqueta
Sin Etiquetas, Sea el primero en etiquetar este registro!
|
| LEADER | 00786nam a22002535a 4500 | ||
|---|---|---|---|
| 001 | CEM.cems015452 | ||
| 005 | 20191206162431.0 | ||
| 008 | 130507s2012##################000#0#####d | ||
| 003 | CEMS | ||
| 020 | |a 9789875731912 | ||
| 082 | 0 | 4 | |a A868.4 |
| 100 | 1 | |a Roldán, Gustavo | |
| 245 | 1 | 0 | |a Las tres dudas del bicho colorado / |c Gustavo Roldán ; ilustrado Por Gustavo Aimar |
| 250 | |a 3a. reimp. | ||
| 260 | |a Buenos Aires : |b Sm, |c 2012 | ||
| 300 | |a 48 p. | ||
| 490 | 0 | |a El Barco de Vapor. Blanca ; 8 | |
| 653 | |a Literatura | ||
| 653 | |a Literatura argentina | ||
| 653 | |a Literatura infantil | ||
| 653 | |a Cuentos infantiles | ||
| 653 | |a Colección ciencias de la educación | ||
| 700 | 1 | |a Aimar, Gustavo; il. | |
| 859 | |a CEMS |b BIB. CEMS - Ccias. Educacion |h A868.4 |i R643-10 |k CE |p 28942.19 |t Ej.1 | ||
